000 01051cam a2200205 4500
001 WB@3612-302
008 041104n2004 000 0 eng u
035 _a(Sirsi) u127902
245 _aWind farms hit house prices
260 _c2004
490 _aRICS Press Release
_v(pr095) 3 November 2004 (2)
520 _a"Impact of wind farms on the value of residential property and agricultural land: an RICS survey" has just been released. The research shows that a planning application for a wind farm hits local property values, but the negative impact diminishes as time goes by. The findings come from a snapshot of the housing market by RICS. Research is based on views of chartered surveyors with experience in property sales near wind farms. The report is available to download from the website. http://www.rics.org/RICSWEB/getpage.aspx?p=iOMUx46 ckEyFim60_1jsHQ==
590 _aWB
590 _aWB
650 _aWIND FARMS
650 _aENVIRONMENTAL IMPACT
650 _aPROPERTY PRICES
690 _aENVIRONMENT
_96238
942 _n0
999 _c118271
_d118271